2001 Champions League Final Bayern Munich - Valencia - Statistics

General Stats
  • This quiz has been taken 397 times
  • The average score is 11 of 30
Answer Stats
Player % Correct
Oliver Kahn
98%
Stefan Effenberg ¹
63%
Bixente Lizarazu
55%
Giovane Élber
55%
Gaizka Mendieta ¹
52%
Santiago Cañizares
52%
Mehmet Scholl
45%
Samuel Kuffour
45%
Willy Sagnol
45%
Hasan Salihamidžić
40%
Ottmar Hitzfeld
39%
Thomas Linke
38%
Carsten Jancker
36%
Kily González
35%
Héctor Cúper
33%
Pablo Aimar
33%
Mauricio Pellegrino
32%
Roberto Ayala
32%
Patrik Andersson
29%
Rubén Baraja
29%
John Carew
28%
Jocelyn Angloma
26%
Owen Hargreaves
26%
Alexander Zickler
24%
David Albelda
24%
Amedeo Carboni
20%
Paulo Sérgio
20%
Juan Sánchez
15%
Miroslav Đukić
15%
Zlatko Zahovič
12%
No matching quizzes found
Score Distribution
Percent of People with Each Score
Percentile by Number Answered
Your Score History
You have not taken this quiz